Fluid mechanics. (8th edition) (Record no. 63186)
[ view plain ]
| 000 -LEADER | |
|---|---|
| fixed length control field | 01328nam a2200217 a 4500 |
| 008 - FIXED-LENGTH DATA ELEMENTS--GENERAL INFORMATION | |
| fixed length control field | 190823s2016 ||||||||||||||||| || u |
| 020 ## - INTERNATIONAL STANDARD BOOK NUMBER | |
| International Standard Book Number | 9789814720175 |
| 050 ## - LIBRARY OF CONGRESS CALL NUMBER | |
| Classification number | TA 357 Whi |
| 100 ## - MAIN ENTRY--PERSONAL NAME | |
| Personal name | White, Frank M |
| 245 10 - TITLE STATEMENT | |
| Title | Fluid mechanics. (8th edition) |
| Statement of responsibility, etc. | By Frank M. White ; Adapted by Professor Rhim Yoon Chul |
| 250 ## - EDITION STATEMENT | |
| Edition statement | 8th edition |
| 260 ## - PUBLICATION, DISTRIBUTION, ETC. | |
| Place of publication, distribution, etc. | New York |
| Name of publisher, distributor, etc. | McGraw-Hill Education |
| Date of publication, distribution, etc. | 2016 |
| 300 ## - PHYSICAL DESCRIPTION | |
| Extent | xiv, 773 pages : illustrations |
| 650 ## - SUBJECT ADDED ENTRY--TOPICAL TERM | |
| Topical term or geographic name entry element | FLUID MECHANICS |
| 700 ## - ADDED ENTRY--PERSONAL NAME | |
| Personal name | Chul, Rhim Yoon |
| 995 ## - | |
| -- | MAIN LIBRARY OPEN ACCESS |
| -- | 64.79 |
| -- | 749807 |
| -- | CBU-MAIN LIBRARY (Kitwe) |
| -- | TA 357 Whi |
| -- | 4 |
| -- | AVAILABLE |
| -- | Aug 23, 2019 |
| -- | 749807 |
| -- | Main Library Open Access Collection |
| 995 ## - | |
| -- | MAIN LIBRARY OPEN ACCESS |
| -- | 64.79 |
| -- | 749805 |
| -- | CBU-MAIN LIBRARY (Kitwe) |
| -- | TA 357 Whi |
| -- | 1 |
| -- | AVAILABLE |
| -- | Aug 23, 2019 |
| -- | 749805 |
| -- | Main Library Open Access Collection |
| 995 ## - | |
| -- | MAIN LIBRARY OPEN ACCESS |
| -- | 64.79 |
| -- | 749809 |
| -- | CBU-MAIN LIBRARY (Kitwe) |
| -- | TA 357 Whi |
| -- | 2 |
| -- | AVAILABLE |
| -- | Aug 23, 2019 |
| -- | 749809 |
| -- | Main Library Open Access Collection |
| 995 ## - | |
| -- | MAIN LIBRARY OPEN ACCESS |
| -- | 64.79 |
| -- | 749808 |
| -- | CBU-MAIN LIBRARY (Kitwe) |
| -- | TA 357 Whi |
| -- | 3 |
| -- | AVAILABLE |
| -- | Aug 23, 2019 |
| -- | 749808 |
| -- | Main Library Open Access Collection |
| 995 ## - | |
| -- | MAIN LIBRARY OPEN ACCESS |
| -- | 64.79 |
| -- | 749806 |
| -- | CBU-MAIN LIBRARY (Kitwe) |
| -- | TA 357 Whi |
| -- | 5 |
| -- | AVAILABLE |
| -- | Aug 23, 2019 |
| -- | 749806 |
| -- | Main Library Open Access Collection |
| 999 ## - | |
| -- | 63186 |
| -- | 63186 |
| Withdrawn status | Lost status | Source of classification or shelving scheme | Damaged status | Not for loan | Permanent Location | Current Location | Shelving location | Date acquired | Total Checkouts | Full call number | Barcode | Date last seen | Price effective from | Koha item type | Date last checked out |
|---|---|---|---|---|---|---|---|---|---|---|---|---|---|---|---|
| CBU-MAIN LIBRARY, KITWE. | CBU-MAIN LIBRARY, KITWE. | 12/24/2022 | TA 357 Whi | 749807 | 12/24/2022 | 12/24/2022 | MONOGRAPH | ||||||||
| CBU-MAIN LIBRARY, KITWE. | CBU-MAIN LIBRARY, KITWE. | 12/24/2022 | TA 357 Whi | 749805 | 12/24/2022 | 12/24/2022 | MONOGRAPH | ||||||||
| CBU-MAIN LIBRARY, KITWE. | CBU-MAIN LIBRARY, KITWE. | 12/24/2022 | 1 | TA 357 Whi | 749809 | 05/23/2025 | 12/24/2022 | MONOGRAPH | 05/19/2025 | ||||||
| CBU-MAIN LIBRARY, KITWE. | CBU-MAIN LIBRARY, KITWE. | 12/24/2022 | TA 357 Whi | 749808 | 12/24/2022 | 12/24/2022 | MONOGRAPH | ||||||||
| CBU-MAIN LIBRARY, KITWE. | CBU-MAIN LIBRARY, KITWE. | 12/24/2022 | TA 357 Whi | 749806 | 12/24/2022 | 12/24/2022 | MONOGRAPH |